[Event "IRI-ch 18th"]
[Site "Tehran"]
[Date "2008.02.21"]
[Round "7"]
[White "Doostkam, Pooyan"]
[Black "Ahmadinia, Ebrahim"]
[Result "0-1"]
[WhiteElo "2241"]
[BlackElo "2227"]
[PlyCount "96"]
[EventDate "2008.02.16"]
[EventType "tourn"]
[EventRounds "13"]
[EventCountry "IRI"]
[EventCategory "2"]
[SourceTitle "CBM 123 Extra"]
[Source "ChessBase"]
[SourceDate "2008.05.06"]
[SourceVersion "1"]
[SourceVersionDate "2008.05.06"]
[SourceQuality "1"]

1. c4 f5 2. Nf3 Nf6 3. g3 g6 4. Bg2 Bg7 5. d4 0-0 6. 0-0 d6 7. Nc3 Qe8 8. d5 a5 9. Ne1 Na6 10. Nd3 Rb8 11. Bd2 Bd7 12. Re1 Qf7 13. Qc1 c6 14. Bh6 Nc7 15. Bxg7 Kxg7 16. e4 fxe4 17. Nxe4 cxd5 18. Ng5 Qe8 19. c5 Qd8 20. Nf4 Rc8 21. cxd6 exd6 22. Qd2 h6 23. Nf3 g5 24. Nd3 Ne6 25. b4 a4 26. Qb2 Kg8 27. Nd4 Ng7 28. Re2 Qb6 29. a3 Rc4 30. Nc2 Bf5 31. Nde1 Rc7 32. Qa2 Be6 33. Nf3 Bf7 34. Nfd4 Rc4 35. Qb2 Bg6 36. Nf3 Re4 37. Rd2 Nf5 38. Nfd4 Re5 39. Nxf5 Bxf5 40. Ne3 Be6 41. Qc2 Kg7 42. Qxa4 Rxe3 43. Rc2 Re5 44. Rac1 Rf7 45. Qa8 Bf5 46. Rb2 Ng4 47. h3 Nxf2 48. Kh2 Nd3 0-1

[Event "IRI-ch 18th"]
[Site "Tehran"]
[Date "2008.02.19"]
[Round "5"]
[White "Doostkam, Pooyan"]
[Black "Momeni, Ebrahim"]
[Result "1/2-1/2"]
[WhiteElo "2241"]
[BlackElo "2263"]
[PlyCount "113"]
[EventDate "2008.02.16"]
[EventType "tourn"]
[EventRounds "13"]
[EventCountry "IRI"]
[EventCategory "2"]
[SourceTitle "CBM 123 Extra"]
[Source "ChessBase"]
[SourceDate "2008.05.06"]
[SourceVersion "1"]
[SourceVersionDate "2008.05.06"]
[SourceQuality "1"]

1. d4 Nf6 2. c4 e6 3. Nc3 Bb4 4. Qc2 c5 5. dxc5 Bxc5 6. Nf3 0-0 7. Bf4 a6 8. Rd1 Nc6 9. e3 Qe7 10. a3 Nh5 11. Bg5 f6 12. Bh4 g5 13. Bg3 g4 14. Nd2 f5 15. b4 Nxg3 16. hxg3 Bd6 17. c5 Bc7 18. Nc4 Ne5 19. Nd6 b5 20. Qd2 Bxd6 21. cxd6 Qf6 22. a4 bxa4 23. Nxa4 Bb7 24. Nc5 Bc6 25. Rh2 Rfb8 26. Be2 Rb6 27. Qd4 Rab8 28. Nxa6 R8b7 29. Rb1 Be4 30. Rb2 Rc6 31. Nc5 Rxc5 32. Qxc5 Nc4 33. Qxc4 Qxb2 34. f3 Bc6 35. Rh5 gxf3 36. Rg5+ Kf8 37. gxf3 Qxb4+ 38. Qxb4 Rxb4 39. g4 fxg4 40. Rxg4 Rxg4 41. fxg4 Kf7 42. g5 Kg6 43. Bd3+ Kxg5 44. Bxh7 Kf6 45. Kd2 Ke5 46. Bc2 Kxd6 47. Bd3 Ke5 48. Bc2 Be4 49. Ba4 d5 50. Bd7 Kd6 51. Bc8 e5 52. Ba6 Kc5 53. Bf1 d4 54. exd4+ Kxd4 55. Be2 Bg2 56. Bd3 e4 57. Bxe4 1/2-1/2

[Event "Fajr op 16th"]
[Site "Urmia"]
[Date "2008.02.07"]
[Round "8"]
[White "Morchiashvili, Bachana"]
[Black "Doostkam, Pooyan"]
[Result "1-0"]
[WhiteElo "2434"]
[BlackElo "2241"]
[PlyCount "77"]
[EventDate "2008.02.03"]
[EventType "swiss"]
[EventRounds "11"]
[EventCountry "IRI"]
[SourceTitle "CBM 122 Extra"]
[Source "ChessBase"]
[SourceDate "2008.03.04"]
[SourceVersion "1"]
[SourceVersionDate "2008.03.04"]
[SourceQuality "1"]

1. d4 d5 2. Nf3 c6 3. c4 Nf6 4. Nc3 dxc4 5. a4 Bf5 6. Ne5 e6 7. f3 c5 8. e4 Bg6 9. d5 exd5 10. exd5 Qe7 11. Qe2 Nbd7 12. Nxc4 0-0-0 13. Qxe7 Bxe7 14. d6 Bf8 15. a5 Bc2 16. Bf4 g6 17. g4 Bg7 18. Kf2 Rhe8 19. Be2 Bb3 20. Rhe1 Rxe2+ 21. Rxe2 Bxc4 22. Rd2 Re8 23. Rc1 Ne5 24. Bxe5 Rxe5 25. g5 Nd7 26. b4 b5 27. axb6 axb6 28. Ne4 b5 29. bxc5 Nxc5 30. d7+ Kd8 31. Nd6 Nd3+ 32. Rxd3 Bxd3 33. Nxf7+ Kxd7 34. Nxe5+ Bxe5 35. Rd1 Bxh2 36. Ke3 Bd6 37. Kxd3 Ke6 38. Ke4 b4 39. Rh1 1-0